|
|
|
|
| LEADER |
02092nam a2200421 i 4500 |
| 001 |
EBC2198012 |
| 003 |
MiAaPQ |
| 005 |
20200909225244.0 |
| 006 |
m o d | |
| 007 |
cr cnu|||||||| |
| 008 |
150907t20152015sz a o 000 0 spa d |
| 020 |
|
|
|z 9789223290115
|
| 020 |
|
|
|a 9789223290122 (e-book)
|
| 035 |
|
|
|a (MiAaPQ)EBC2198012
|
| 035 |
|
|
|a (Au-PeEL)EBL2198012
|
| 035 |
|
|
|a (CaPaEBR)ebr11094584
|
| 035 |
|
|
|a (OCoLC)920167213
|
| 040 |
|
|
|a MiAaPQ
|b eng
|e rda
|e pn
|c MiAaPQ
|d MiAaPQ
|
| 050 |
|
4 |
|a HD30.28
|b .C664 2015
|
| 082 |
0 |
|
|a 658.401
|2 23
|
| 111 |
2 |
|
|a International Labour Conference
|n (104. a reunion :
|d 2015)
|
| 245 |
1 |
0 |
|a Pequenas y medianas empresas y creacion de empleo decente y productivo :
|b cuarto punto del orden del dia : Conferencia Internacional del Trabajo, 104. a reunion, 2015.
|
| 250 |
|
|
|a Primera edicion.
|
| 264 |
|
1 |
|a Geneva, [Switzerland] :
|b Oficina Internacional del Trabajo,
|c 2015.
|
| 264 |
|
4 |
|c 2015
|
| 300 |
|
|
|a 1 online resource (86 pages) :
|b illustrations, tables, graphs.
|
| 336 |
|
|
|a text
|2 rdacontent
|
| 337 |
|
|
|a computer
|2 rdamedia
|
| 338 |
|
|
|a online resource
|2 rdacarrier
|
| 490 |
0 |
|
|a Informe,
|x 0251-3226 ;
|v IV
|
| 588 |
|
|
|a Description based on online resource; title from PDF title page (ebrary, viewed September 7, 2015).
|
| 590 |
|
|
|a Electronic reproduction. Ann Arbor, MI : ProQuest, 2016. Available via World Wide Web. Access may be limited to ProQuest affiliated libraries.
|
| 650 |
|
0 |
|a Business planning
|v Congresses.
|
| 650 |
|
0 |
|a Small business
|x Valuation.
|
| 655 |
|
4 |
|a Electronic books.
|
| 776 |
0 |
8 |
|i Print version:
|a Conferencia Internacional del Trabajo (104. a reunion : 2015)
|t Pequenas y medianas empresas y creacion de empleo decente y productivo : cuarto punto del orden del dia : Conferencia Internacional del Trabajo, 104. a reunion, 2015.
|b Primera edicion.
|d Geneva, [Switzerland] : Oficina Internacional del Trabajo, c2015
|h x, 76 pages
|k Informe ; IV
|z 9789223290115
|
| 797 |
2 |
|
|a ProQuest (Firm)
|
| 856 |
4 |
0 |
|u https://ebookcentral.proquest.com/lib/matrademy/detail.action?docID=2198012
|z Click to View
|